<?xml version="1.0" encoding="UTF-8"?>
<record
    xmlns:xsi="http://www.w3.org/2001/XMLSchema-instance"
    xsi:schemaLocation="http://www.loc.gov/MARC21/slim http://www.loc.gov/standards/marcxml/schema/MARC21slim.xsd"
    xmlns="http://www.loc.gov/MARC21/slim">

  <leader>01401nam0a22002891  4500</leader>
  <controlfield tag="001">rc\2795536</controlfield>
  <controlfield tag="005">20250529172633.0</controlfield>
  <datafield tag="035" ind1=" " ind2=" ">
    <subfield code="a">(NLR Aleph) 006921601</subfield>
  </datafield>
  <datafield tag="090" ind1=" " ind2=" ">
    <subfield code="a">7452560</subfield>
    <subfield code="c">7452560</subfield>
  </datafield>
  <datafield tag="100" ind1=" " ind2=" ">
    <subfield code="a">20110915d1935    |||y0rusy50      ca</subfield>
  </datafield>
  <datafield tag="101" ind1="0" ind2=" ">
    <subfield code="a">rus</subfield>
  </datafield>
  <datafield tag="102" ind1=" " ind2=" ">
    <subfield code="a">RU</subfield>
  </datafield>
  <datafield tag="105" ind1=" " ind2=" ">
    <subfield code="a">a   z   |||||</subfield>
  </datafield>
  <datafield tag="200" ind1="1" ind2=" ">
    <subfield code="a">&#x41E;&#x43F;&#x44B;&#x442; &#x43A;&#x43E;&#x43C;&#x43F;&#x43B;&#x435;&#x43A;&#x441;&#x43D;&#x44B;&#x445; &#x43F;&#x440;&#x43E;&#x442;&#x438;&#x432;&#x43E;&#x433;&#x43B;&#x438;&#x441;&#x442;&#x43D;&#x44B;&#x445; &#x43C;&#x435;&#x440;&#x43E;&#x43F;&#x440;&#x438;&#x44F;&#x442;&#x438;&#x439; &#x432; &#x41E;&#x422;&#x424; "&#x421;&#x442;&#x430;&#x43B;&#x438;&#x43D;&#x441;&#x43A;&#x438;&#x439; &#x43F;&#x443;&#x442;&#x44C;" &#x41F;&#x440;&#x43E;&#x43B;&#x435;&#x442;&#x430;&#x440;&#x441;&#x43A;&#x43E;&#x433;&#x43E; &#x440;&#x430;&#x439;&#x43E;&#x43D;&#x430;</subfield>
    <subfield code="f">&#x41F;&#x440;&#x43E;&#x444;. &#x412;. &#x418;. &#x41F;&#x443;&#x445;&#x43E;&#x432;, &#x415;. &#x415;. &#x41A;&#x440;&#x438;&#x432;&#x43E;&#x448;&#x442;&#x430;, &#x41F;. &#x410;. &#x412;&#x435;&#x43B;&#x438;&#x447;&#x43A;&#x438;&#x43D;, &#x410;. &#x410;. &#x41B;&#x44B;&#x441;&#x435;&#x43D;&#x43A;&#x43E;</subfield>
    <subfield code="g">&#x410;&#x437;&#x43E;&#x432;&#x43E;-&#x427;&#x435;&#x440;&#x43D;&#x43E;&#x43C;&#x43E;&#x440;&#x441;&#x43A;. &#x43A;&#x440;&#x430;&#x435;&#x432;. &#x437;&#x435;&#x43C;. &#x443;&#x43F;&#x440;. &#x41A;&#x440;&#x430;&#x435;&#x432;. &#x43D;&#x430;&#x443;&#x447;.-&#x438;&#x441;&#x441;&#x43B;. &#x432;&#x435;&#x442;.-&#x43E;&#x43F;&#x44B;&#x442;. &#x441;&#x442;&#x430;&#x43D;&#x446;&#x438;&#x44F;</subfield>
  </datafield>
  <datafield tag="210" ind1=" " ind2=" ">
    <subfield code="a">&#x420;&#x43E;&#x441;&#x442;&#x43E;&#x432;-&#x43D;&#x430;-&#x414;&#x43E;&#x43D;&#x443;</subfield>
    <subfield code="c">&#x410;&#x437;&#x43E;&#x432;&#x43E;-&#x427;&#x435;&#x440;&#x43D;&#x43E;&#x43C;&#x43E;&#x440;&#x441;&#x43A;. &#x43A;&#x440;&#x430;&#x435;&#x432;. &#x43A;&#x43D;-&#x432;&#x43E;</subfield>
    <subfield code="d">1935</subfield>
    <subfield code="g">&#x442;&#x438;&#x43F;. &#x438;&#x43C;. &#x41A;&#x43E;&#x43C;&#x438;&#x43D;&#x442;&#x435;&#x440;&#x43D;&#x430;</subfield>
  </datafield>
  <datafield tag="215" ind1=" " ind2=" ">
    <subfield code="a">&#x41E;&#x431;&#x43B;., 43 &#x441;.</subfield>
    <subfield code="c">&#x438;&#x43B;.</subfield>
    <subfield code="d">22&#x445;16 &#x441;&#x43C;.</subfield>
  </datafield>
  <datafield tag="300" ind1=" " ind2=" ">
    <subfield code="a">&#x41F;&#x435;&#x440;&#x435;&#x434; &#x437;&#x430;&#x433;&#x43B;.: &#x43F;&#x440;&#x43E;&#x444;. &#x412;. &#x418;. &#x41F;&#x443;&#x445;&#x43E;&#x432;, &#x415;. &#x415;. &#x41A;&#x440;&#x438;&#x432;&#x43E;&#x448;&#x438;&#x442;&#x430;, &#x41F;. &#x410;. &#x412;&#x435;&#x43B;&#x438;&#x447;&#x43A;&#x438;&#x43D; &#x438; &#x410;. &#x410;. &#x41B;&#x44B;&#x441;&#x435;&#x43D;&#x43A;&#x43E;</subfield>
  </datafield>
  <datafield tag="702" ind1=" " ind2="1">
    <subfield code="a">&#x41A;&#x440;&#x438;&#x432;&#x43E;&#x448;&#x442;&#x430;</subfield>
    <subfield code="b">&#x415;.&#x415;.</subfield>
    <subfield code="4">570</subfield>
  </datafield>
  <datafield tag="702" ind1=" " ind2="1">
    <subfield code="a">&#x412;&#x435;&#x43B;&#x438;&#x447;&#x43A;&#x438;&#x43D;</subfield>
    <subfield code="b">&#x41F;.&#x410;.</subfield>
    <subfield code="4">570</subfield>
  </datafield>
  <datafield tag="702" ind1=" " ind2="1">
    <subfield code="a">&#x41F;&#x443;&#x445;&#x43E;&#x432;</subfield>
    <subfield code="b">&#x412;.&#x418;.</subfield>
    <subfield code="g">&#x412;&#x43B;&#x430;&#x434;&#x438;&#x43C;&#x438;&#x440; &#x418;&#x432;&#x430;&#x43D;&#x43E;&#x432;&#x438;&#x447;</subfield>
    <subfield code="4">570</subfield>
  </datafield>
  <datafield tag="702" ind1=" " ind2="1">
    <subfield code="a">&#x41B;&#x44B;&#x441;&#x435;&#x43D;&#x43A;&#x43E;</subfield>
    <subfield code="b">&#x410;.&#x410;.</subfield>
    <subfield code="4">570</subfield>
  </datafield>
  <datafield tag="801" ind1=" " ind2="0">
    <subfield code="a">RU</subfield>
    <subfield code="b">NLR</subfield>
    <subfield code="g">psbo</subfield>
  </datafield>
  <datafield tag="801" ind1=" " ind2="1">
    <subfield code="a">RU</subfield>
    <subfield code="b">ELAR</subfield>
    <subfield code="2">rusmarc</subfield>
  </datafield>
  <datafield tag="852" ind1=" " ind2=" ">
    <subfield code="a">NLR</subfield>
    <subfield code="j">35-11/722</subfield>
  </datafield>
  <datafield tag="942" ind1=" " ind2=" ">
    <subfield code="c">BOOK</subfield>
  </datafield>
  <datafield tag="980" ind1=" " ind2=" ">
    <subfield code="a">NB</subfield>
  </datafield>
  <datafield tag="995" ind1=" " ind2=" ">
    <subfield code="5">2013-10-26</subfield>
    <subfield code="b">NLR02</subfield>
    <subfield code="c">NLR02</subfield>
    <subfield code="e">RFS</subfield>
    <subfield code="f">6921601-10</subfield>
    <subfield code="k">35-11/722</subfield>
    <subfield code="o">0</subfield>
    <subfield code="r">BOOK</subfield>
    <subfield code="s">3511722_</subfield>
  </datafield>
</record>
